[Event "UKR-chT 8th"]
[Site "Alushta"]
[Date "2000.04.14"]
[Round "5"]
[White "Berezin, Oleg"]
[Black "Kruppa, Yuri"]
[Result "1/2-1/2"]
[WhiteElo "2449"]
[BlackElo "2561"]
[PlyCount "25"]
[EventDate "2000.04.10"]
[EventType "team-swiss"]
[EventRounds "9"]
[EventCountry "UKR"]
[SourceTitle "EXT 2019"]
[Source "ChessBase"]
[SourceDate "2018.10.10"]
[SourceVersion "1"]
[SourceVersionDate "2018.10.10"]
[SourceQuality "1"]
[WhiteTeam "Mariupol Azovstal"]
[BlackTeam "Danko-Donbass Donetsk"]
[WhiteTeamCountry "UKR"]
[BlackTeamCountry "UKR"]

1. d4 e6 2. c4 d5 3. Nf3 Nf6 4. g3 Be7 5. Bg2 0-0 6. 0-0 dxc4 7. Qc2 a6 8. Qxc4 b5 9. Qc2 Bb7 10. Bd2 Be4 11. Qc1 Bb7 12. Qc2 Be4 13. Qc1 1/2-1/2

[Event "UKR-chT 8th"]
[Site "Alushta"]
[Date "2000.04.10"]
[Round "1"]
[White "Berezin, Oleg"]
[Black "Shkuro, Iuri"]
[Result "1-0"]
[WhiteElo "2449"]
[BlackElo "2254"]
[PlyCount "93"]
[EventDate "2000.04.10"]
[EventType "team-swiss"]
[EventRounds "9"]
[EventCountry "UKR"]
[SourceTitle "EXT 2019"]
[Source "ChessBase"]
[SourceDate "2018.10.10"]
[SourceVersion "1"]
[SourceVersionDate "2018.10.10"]
[SourceQuality "1"]
[WhiteTeam "Mariupol Azovstal"]
[BlackTeam "Kherson Chess For All"]
[WhiteTeamCountry "UKR"]
[BlackTeamCountry "UKR"]

1. Nf3 Nf6 2. c4 g6 3. Nc3 Bg7 4. e4 d6 5. d4 0-0 6. Be2 e5 7. 0-0 exd4 8. Nxd4 Re8 9. f3 Nh5 10. Be3 f5 11. Qd2 f4 12. Bf2 Be5 13. Rfd1 Qf6 14. c5 dxc5 15. Nb3 c6 16. Nxc5 g5 17. Bc4+ Kg7 18. Nd3 Bd4 19. e5 Bxf2+ 20. Qxf2 Qg6 21. Ne4 g4 22. Nd6 Rf8 23. Qh4 Kh6 24. Bf7 Rxf7 25. Nxf7+ Kg7 26. Nd6 gxf3 27. Qe7+ Kg8 28. Rd2 Bh3 29. Qe8+ Qxe8 30. Nxe8 Na6 31. Nf6+ Nxf6 32. exf6 Bxg2 33. Nxf4 Kf7 34. Nxg2 Rg8 35. Rf1 Rxg2+ 36. Rxg2 fxg2 37. Rf4 Nc5 38. Rh4 Kg6 39. Kxg2 Nd7 40. f7 Nf8 41. Rf4 Kg7 42. Rf3 Ne6 43. Kg3 Kf8 44. Kg4 Nd8 45. Kg5 Nxf7+ 46. Kf6 Ke8 47. Rd3 1-0

[Event "Swidnica op-A"]
[Site "Swidnica"]
[Date "2000.??.??"]
[Round "8"]
[White "Berezin, Oleg"]
[Black "Lagowski, Patryk"]
[Result "1/2-1/2"]
[WhiteElo "2445"]
[BlackElo "2180"]
[PlyCount "84"]
[EventDate "2000.07.??"]
[EventType "swiss"]
[EventRounds "10"]
[EventCountry "POL"]
[SourceTitle "EXT 2003"]
[Source "ChessBase"]
[SourceDate "2002.11.25"]
[SourceVersion "1"]
[SourceVersionDate "2002.11.25"]
[SourceQuality "1"]

1. Nf3 c5 2. e3 Nf6 3. b3 g6 4. Bb2 Bg7 5. c4 0-0 6. Be2 Nc6 7. 0-0 d5 8. cxd5 Qxd5 9. Nc3 Qd8 10. Rc1 b6 11. a3 Bb7 12. Qc2 e5 13. d3 Qd7 14. Rfd1 Rac8 15. Qb1 Rfd8 16. Ba1 Qe7 17. Nd2 h5 18. Bf3 g5 19. Nde4 g4 20. Nxf6+ Qxf6 21. Be4 Qe6 22. d4 exd4 23. Bh7+ Kf8 24. Bf5 Qe7 25. Bxc8 Bxc8 26. exd4 Nxd4 27. Re1 Be6 28. Rcd1 Qg5 29. Ne4 Qd5 30. Bxd4 Bxd4 31. Qc1 Qf5 32. b4 Ke7 33. bxc5 bxc5 34. Rd2 Rd7 35. Rde2 h4 36. Rc2 Rd5 37. Rce2 h3 38. Ng3 Qg6 39. Qf4 hxg2 40. Kxg2 Rd7 41. Kf1 Rd5 42. Kg2 Rd7 1/2-1/2

[Event "UKR-ch"]
[Site "Sevastopol"]
[Date "2000.??.??"]
[Round "1"]
[White "Berezin, Oleg"]
[Black "Merenkov, Mikhail"]
[Result "1/2-1/2"]
[WhiteElo "2449"]
[BlackElo "2220"]
[PlyCount "45"]
[EventDate "2000.??.??"]
[EventType "swiss"]
[EventRounds "9"]
[EventCountry "UKR"]
[SourceTitle "EXT 2001"]
[Source "ChessBase"]
[SourceDate "2000.11.22"]
[SourceVersion "1"]
[SourceVersionDate "2000.11.22"]
[SourceQuality "1"]

1. d4 Nf6 2. c4 c5 3. Nf3 cxd4 4. Nxd4 e5 5. Nb5 d5 6. cxd5 Bc5 7. e3 0-0 8. N5c3 e4 9. a3 a5 10. Nd2 Qe7 11. Qc2 Bf5 12. h3 Rd8 13. g4 Bg6 14. Bg2 Nxd5 15. Nxd5 Rxd5 16. h4 h6 17. h5 Bh7 18. Bxe4 Bxe4 19. Nxe4 Nc6 20. f3 Ne5 21. 0-0 Ba7 22. Kg2 Qd7 23. Nf2 1/2-1/2